Panduan mudah membaiki dan menyenggara komputer rumah / (Record no. 294)

000 -LEADER
fixed length control field nam a22 a 4500
003 - CONTROL NUMBER IDENTIFIER
control field AKMAL
005 - DATE AND TIME OF LATEST TRANSACTION
control field 20170503101153.0
008 - FIXED-LENGTH DATA ELEMENTS--GENERAL INFORMATION
fixed length control field 170503s1999 my 00 may d
020 ## - INTERNATIONAL STANDARD BOOK NUMBER
International Standard Book Number 9836264914 (kkt.):
Terms of availability RM 16.00
040 ## - CATALOGING SOURCE
Original cataloging agency AKMAL
082 04 - DEWEY DECIMAL CLASSIFICATION NUMBER
Classification number 004.616 WIL
Edition number 21
090 00 - LOCALLY ASSIGNED LC-TYPE CALL NUMBER (OCLC); LOCAL CALL NUMBER (RLIN)
Classification number (OCLC) (R) ; Classification number, CALL (RLIN) (NR) 004.616
Local cutter number (OCLC) ; Book number/undivided call number, CALL (RLIN) WIL
100 1# - MAIN ENTRY--PERSONAL NAME
Personal name Williams, Gene B.
9 (RLIN) 649
245 10 - TITLE STATEMENT
Title Panduan mudah membaiki dan menyenggara komputer rumah /
Statement of responsibility, etc. Gene B. Williams ; penterjemah Norlida Jantan
260 ## - PUBLICATION, DISTRIBUTION, ETC.
Place of publication, distribution, etc. Kuala Lumpur :
Name of publisher, distributor, etc. McGraw-Hill,
Date of publication, distribution, etc. 1999
300 00 - PHYSICAL DESCRIPTION
Extent x, 133ms. :
Other physical details il. wrn. ;
Dimensions 24cm
500 ## - GENERAL NOTE
General note Mengandungi indeks
650 #0 - SUBJECT ADDED ENTRY--TOPICAL TERM
Topical term or geographic name entry element Microcomputers
9 (RLIN) 650
700 0# - ADDED ENTRY--PERSONAL NAME
Personal name Norlida Jantan
9 (RLIN) 155
942 ## - ADDED ENTRY ELEMENTS (KOHA)
Source of classification or shelving scheme
Koha item type Book
Holdings
Withdrawn status Lost status Source of classification or shelving scheme Damaged status Not for loan Collection code Home library Current library Shelving location Date acquired Inventory number Total Checkouts Full call number Date last seen Price effective from Koha item type Barcode
          NON-FICTION AKMAL Melaka AKMAL Melaka PINJAMAN 03.05.2017 000603   004.616 WIL 03.05.2017 03.05.2017 Book  
          FICTION AKMAL Melaka AKMAL Melaka PINJAMAN 03.05.2017     004.616 WIL 03.05.2017 03.05.2017 Book 201701190
Pusat Sumber Maklumat Dato' Haji Sarmin Md Hussin, Akademi Kastam Diraja Malaysia, Melaka
Tel: 06-2331106 | Faks: 06-2313787